logo

Bir Sreshtho Munshi Abdur Rouf Library
Jhenaidah Cadet College

Europe in the nineteenth and twentieth centuries (1789-1950) / (Record no. 6943)

MARC details
000 -LEADER
fixed length control field 00976nam a2200301 a 4500
001 - CONTROL NUMBER
JCCL Control Number 6943
003 - CONTROL NUMBER IDENTIFIER
JCCL marc code BD-JhCC
005 - DATE AND TIME OF LATEST TRANSACTION
control field 20180201175608.0
008 - FIXED-LENGTH DATA ELEMENTS--GENERAL INFORMATION
fixed length control field 741008s1952 enkb b 001 0 eng d
035 ## - SYSTEM CONTROL NUMBER
system control number (BD-JhCC)6943
035 ## - SYSTEM CONTROL NUMBER
system control number (OCoLC)1034259
040 ## - CATALOGING SOURCE
Original cataloging agency BD-JhCC
Transcribing agency TxU-Da
Modifying agency BD-JhCC
-- Uk
-- DLC
041 ## - LANGUAGE CODE
Language code of Book eng
050 00 - LIBRARY OF CONGRESS CALL NUMBER
Classification number D299
Item number .G7 1952
082 ## - DEWEY DECIMAL CLASSIFICATION NUMBER
Classification number 940.27
Author mark and Year GRA 1952
100 1# - MAIN ENTRY--PERSONAL NAME
Personal name Grant, A. J.
Fuller form of name (Arthur James),
Dates associated with a name 1862-1948.
245 10 - TITLE STATEMENT
Title Europe in the nineteenth and twentieth centuries (1789-1950) /
Statement of responsibility, etc by A.J. Grant and Harold Temperley.
250 ## - EDITION STATEMENT
Edition statement 6th ed. /
260 ## - PUBLICATION, DISTRIBUTION, ETC. (IMPRINT)
Place of publication, distribution, etc London ;
-- New York,
Name of publisher, distributor, etc Longmans, Green,
Date of publication, distribution, etc 1952.
300 ## - PHYSICAL DESCRIPTION
Pagination xxii, 603 p. :
Other physical details maps (some col.) ;
Dimensions 22 cm.
504 ## - BIBLIOGRAPHY, ETC. NOTE
Bibliography, etc Includes bibliographical references and index.
650 ## - SUBJECT ADDED ENTRY--TOPICAL TERM
Topical term or geographic name as entry element Europe
651 #0 - SUBJECT ADDED ENTRY--GEOGRAPHIC NAME
Geographic name Europe
General subdivision History
Chronological subdivision 1789-1900.
651 #0 - SUBJECT ADDED ENTRY--GEOGRAPHIC NAME
Geographic name Europe
General subdivision History
Chronological subdivision 20th century.
700 1# - ADDED ENTRY--PERSONAL NAME
Personal name Temperley, Harold William Vazeille,
Dates associated with a name 1879-1939.
942 ## - ADDED ENTRY ELEMENTS (KOHA)
Source of classification or shelving scheme Dewey Decimal Classification
Koha item type Books
Holdings
Source of classification or shelving scheme Damaged status Not for loan Home library Current library Shelving location Total Checkouts Full call number Barcode Date last seen Copy number Koha item type
Dewey Decimal Classification     JCC Rouf Library JCC Rouf Library General Stacks   940.27 GRA 1952 9577 02/01/2018 C-1 Books

JCC Library | Contacts | JCC Home

Last Update on 23 September 2017
Copyright @ 2017-2020 JCC Rouf Library
Rouf Library, Jhenidah Cadet College (JCC), Bangladesh